Quizzes
Events
Quiz Creation
Community
Videos
Private Events
Remove Ads
Sign In
Join for FREE
Feedback
Dark Mode
Quiz Categories
Sports
Geography
Music
Movies
Television
Just For Fun
Miscellaneous
History
Literature
Language
Science
Gaming
Entertainment
Religion
Holiday
For Kids
Quiz Lab
Recent
Popular Today
Quiz Kudos Today
Editor Picks
Curator Picks
Quizzes by...
Day
Popularity
Type
Ratings
Length
Year
Community
Subscriptions
Recent Discussions
Orange Saloon
Badges
Playlists
Quests
Create
Leaderboards
Showdown
Live 5
Trivia Bingo
Activity
Puzzle Library
Sporcle Events
Private Events
Virtual Trivia
Globe League
Become a Host
Pub Owners
SporcleCon
Opinionation
Our Games
Videos
Blog
Mobile Apps
Partnerships
Remove Ads and Go Orange
Feedback
Television
TV Characters
TV Show
Sitcom
Network
Friends
Reality Shows
Cast
South Park
Star Trek
The Simpsons
Doctor Who
Television
TV Characters
TV Show
Sitcom
Network
Friends
Reality Shows
Cast
South Park
Star Trek
The Simpsons
Doctor Who
Random Quiz
Search Sporcle
×
Quiz Lab
Quiz Lab
Television
Friends Characters
Type in answers that appear in a list
Type in answers that appear in a list
Classic
Best Score? Go Orange.
Friends Characters by Cast Members Stats
Can you name the Friends Characters by Cast Members?
By
biffion
10m
21 Questions
291 Plays
291 Plays
291 Plays
Comments
Comments
Give Quiz Kudos
Give Quiz Kudos
-
- Ratings
hide this ad
Random Order
Randomize order of answers
Randomize order of answers
Replay
Link that replays current quiz
Next Quiz
Link to next quiz in quiz playlist
You Got
0%
They Got
Avg Score
84%
Avg Friend Score
Upgrade to see
Score Distribution
Jump to the score distribution portion of the page
Score
0/21
Timer
10:00
0
Plays Today
Actor
Character
% Correct
David Schwimmer
Ross Geller
100%
Courtney Cox
Monica Geller
99%
Jennifer Aniston
Rachel Green
98.6%
Matt Le Blanc
Joey Tribiani
98.3%
Matthew Perry
Chandler Bing
97.6%
Lisa Kudrow
Phoebe Buffay
96.6%
Paul Rudd
Mike Hannigan
89%
Tom Selleck
Richard Burke
88.3%
Elliott Gould
Jack Geller
87.3%
Christina Pickles
Judy Geller
86.9%
Christina Applegate
Amy Green
86.9%
Actor
Character
% Correct
Maggie Wheelere
Janice
82.8%
Reese Witherspoon
Jill Green
82.8%
James Michael Tyler
Gunther
82.1%
Helen Baxendale
Emily Waltham
80.8%
Bruce Willis
Paul Stevens
78%
Anna Faris
Erica
72.2%
Jon Favreau
Pete Becker
70.4%
Elle Macpherson
Janine LaCroix
67.4%
Kathleen Turner
Charles Bing
66.3%
June Gable
Estelle
56%
Quiz Playlist
Details
Report
Send in Message
Add To Playlist
Classic:
Type in answers that appear in a list
Random Order:
Randomize order of answers
Last Updated: Feb 16, 2017
Quiz Scoreboard
CHALLENGE
Sign Up to Join the Scoreboard
Show All
Scores
Hide
Comments
May contain spoilers
Recently Published
Click the 1999 NBA Draft
by nibperrychub
Sports
2m
Alphabetical 'K' Countries by Flag Minefield
by ylime102
Geography
3m
Pick 6: Fruits
by JohnFran
Miscellaneous
15s
More to Explore
Quiz From the Vault
Featured Blog Post
15 Basketball Trivia Facts You Can Be March Mad About
hide this ad
You Might Also Like...
Tags
Friends Characters
Today's Top Quizzes in Television
Browse Television
hide this ad
Today's Top Quizzes in Friends Characters
Browse Friends Characters
Top Contributed Quizzes in Television
1
Hidden Simpsons Character
2
First Name TV: Leading Men
3
Hidden Simpsons Character XXIV
4
First Name TV: Leading Women Drama
5
Hidden Simpsons Character XXV
6
Pick A Pair: Religious TV
7
Hidden Simpsons Character XXVI
8
One Piece Logic Puzzle
9
Demon Slayer Impossible Quiz
10
Hidden Simpsons Character II
Explore More
Trending Topics
Marvel
Disney
NBA
Kpop
Anime
Crossword
Harry Potter
Puzzle
Pokémon
The Office
Song
Soccer
Country
NFL
WWE
hide this ad
More By:
biffion
Quiz
Plays
Rating
Category
Featured
Created
Friends Characters by Cast Members
291
4.20
Television
Jan 29, 2011
Go to Creator's Profile
Score Distribution
Quiz Creator Spotlight
biffion
Follow
Send a Message
Quizzes Created
-
Created Quiz Play Count
-
More By This Creator
Popular Quizzes Today
1
Countries of Asia Without Outlines Minefield
2
Find the US States - No Outlines Minefield
3
Pick 6: Fruits
4
Alphabetical 'K' Countries by Flag Minefield
5
The Countries of the World
6
Find the US States
7
US States
8
Match the Book to the Film X
More Television Quizzes
TV's Funniest Women
Published
Trending Quizzes
Pick 6: Harry Potter
Pick 6: Mountains
Pick 6: NFL Teams
Pick 6: Movie Franchises
Pick 6: Golfers
Recently Updated
NWSL Teams
pecheneg
Women's Final Four Teams by Year
bhenderson79
Presidents Quartet II
eogle
Anything But Clue(do)
eogle
Anything But Oceanian Capitals
eogle
Anything But 7
eogle
Anything But Thing
eogle
Word Ladder: February 29
pecheneg
Song Title Questions
pecheneg
Women's NCAA Tournament #1 Seeds
pecheneg
Trending Topics
Anime
Harry Potter
Kpop
Marvel
Crossword
NBA
Disney
WWE
Country
Pokémon
NFL
The Office
Song
Soccer
Puzzle
Your Account Isn't Verified!
In order to create a playlist on Sporcle, you need to verify the email address you used during registration. Go to your
Sporcle Settings
to finish the process.
Report this User
Report this user for behavior that violates our
Community Guidelines
.
Details:
Send Report
Go to the Sporcle.com Mobile Site →
Comments